Geography Quiz

Random Geography or Asia Quiz

Obscure Knowledge - Countries of Asia Quiz Stats

 Plays Quiz Updated Dec 3, 2018

Support Sporcle.
Go Orange.
Score 0/49 Timer 02:00
59 Plays Today
Percent Guessed Country % Correct
97.9%???
100%
97.4%???
97.6%
96.7%???
97.1%
96.6%???
96.7%
93.7%???
96.3%
93.6%???
96.2%
93.5%???
96.1%
93.4%???
96%
91.7%???
95.9%
90.9%???
94.9%
90.4%???
94.7%
90.1%???
94.7%
89.2%???
94.4%
88.5%???
94.2%
86.6%???
94.1%
86.5%???
93.7%
85.9%???
93.5%
82.7%???
93.3%
82.5%???
92.1%
82.2%???
91.2%
82.1%???
90.6%
81.4%???
87%
80.7%???
86.6%
80.6%???
85.9%
80.5%???
85.4%
Percent Guessed Country % Correct
79.6%???
85%
79.4%???
83.9%
78.5%???
82.5%
77.9%???
81%
77.5%???
79.2%
77.4%???
78.7%
74.7%???
78.6%
74.2%???
76.4%
74.0%???
74.7%
73.6%???
74.1%
70.9%???
72.9%
70.3%???
72%
69.4%???
71%
66.8%???
70.5%
66.6%???
68.7%
64.9%???
67.7%
64.1%???
59.2%
64.0%???
55.2%
63.7%???
54%
59.5%???
51.5%
59.3%???
45%
55.4%???
41%
53.4%???
36.4%
48.8%???
24.9%

You're not logged in!

Compare scores with friends on all Sporcle quizzes.
OR
Log In
Forgot?

From the Vault

Sonic Genesis Medley

by BluePikmin

Gaming 8m
If playing this quiz in a classroom setting, go ahead and crank up the volume, I am sure the professor won't mind.
Remove Ads.
Support Sporcle.
Get the best of Sporcle when you Go Orange. This ad-free experience offers more features, more stats, and more fun while also helping to support Sporcle. Thank you for becoming a member.

Show Comments

Extras

Top Quizzes Today


Score Distribution

Your Account Isn't Verified!

In order to create a playlist on Sporcle, you need to verify the email address you used during registration. Go to your Sporcle Settings to finish the process.

Report this User

Report this user for behavior that violates our Community Guidelines.

Details: